MARC details
| 000 -CABECERA |
| campo de control de longitud fija |
01808nam a2200397 i 4500 |
| 001 - NÚMERO DE CONTROL |
| campo de control |
990226356140107026 |
| 003 - IDENTIFICADOR DEL NÚMERO DE CONTROL |
| campo de control |
UkOxU |
| 005 - FECHA Y HORA DE LA ÚLTIMA TRANSACCIÓN |
| campo de control |
20251008103029.0 |
| 008 - DATOS DE LONGITUD FIJA--INFORMACIÓN GENERAL |
| campo de control de longitud fija |
200602t20212012enka 001 0 eng d |
| 015 ## - NÚMERO DE BIBLIOGRAFÍA NACIONAL |
| Número de bibliografía nacional |
GBC0A0772 |
| Fuente |
bnb |
| 016 7# - NÚMERO DE CONTROL DE UNA AGENCIA BIBLIOGRÁFICA NACIONAL |
| Número de control del registro |
019866932 |
| Fuente |
Uk |
| 020 ## - NÚMERO INTERNACIONAL ESTÁNDAR DEL LIBRO |
| Número Internacional Estándar del Libro |
9781786276827 |
| 035 ## - NÚMERO DE CONTROL DEL SISTEMA |
| Número de control de sistema |
(UkOxU)022635614 |
| 035 ## - NÚMERO DE CONTROL DEL SISTEMA |
| Número de control de sistema |
(UkOxU)022635614BIB01 |
| 035 ## - NÚMERO DE CONTROL DEL SISTEMA |
| Número de control de sistema |
(UkCU)991006800458203606 |
| 035 ## - NÚMERO DE CONTROL DEL SISTEMA |
| Número de control de sistema |
(Uk)019866932 |
| 035 ## - NÚMERO DE CONTROL DEL SISTEMA |
| Número de control de sistema |
(StEdALDL)1/3975979 |
| 040 ## - FUENTE DE LA CATALOGACIÓN |
| Centro catalogador/agencia de origen |
StDuBDS |
| Lengua de catalogación |
eng |
| Normas de descripción |
rda |
| Centro/agencia transcriptor |
StDuBDS |
| Centro/agencia modificador |
UkCU |
| 041 ## - CÓDIGO DE LENGUA |
| Código de lengua del texto/banda sonora o título independiente |
eng |
| 042 ## - CÃDIGO DE AUTENTICACIÃN |
| Código de autenticación |
ukscp |
| 050 ## - SIGNATURA TOPOGRÁFICA DE LA BIBLIOTECA DEL CONGRESO |
| Número de clasificación |
TT509 |
| Número de documento/Ítem |
.B53 2007 |
| 100 ## - ENTRADA PRINCIPAL--NOMBRE DE PERSONA |
| Nombre de persona |
Blackman, Cally |
| Término indicativo de función/relación |
author |
| 9 (RLIN) |
26061 |
| 245 ## - MENCIÓN DE TÍTULO |
| Título |
100 years of fashion |
| Mención de responsabilidad, etc. |
/ Cally Blackman. |
| 246 ## - FORMA VARIANTE DE TÍTULO |
| Título propio/Titulo breve |
One hundred years of fashion |
| 246 ## - FORMA VARIANTE DE TÍTULO |
| Título propio/Titulo breve |
Hundred years of fashion |
| 260 ## - PUBLICACIÓN, DISTRIBUCIÓN, ETC. |
| Lugar de publicación, distribución, etc. |
London : |
| Nombre del editor, distribuidor, etc. |
Laurence King Publishing, |
| Fecha de publicación, distribución, etc. |
2021. |
| 300 ## - DESCRIPCIÓN FÍSICA |
| Extensión |
399 pages : |
| Otras características físicas |
illustrations (black and white, and colour) ; |
| Dimensiones |
20 cm. |
| 500 ## - NOTA GENERAL |
| Nota general |
Includes index. |
| 500 ## - NOTA GENERAL |
| Nota general |
First published: 2012. |
| 505 ## - NOTA DE CONTENIDO CON FORMATO |
| Nota de contenido con formato |
Introduction — 1900-1924 — 1925-1949 — 1950-1974 — 1975 and beyond — List of illustrators — Index — Picture credits and acknowledgements. |
| 520 ## - SUMARIO, ETC. |
| Sumario, etc. |
This book documents the most exciting and diverse period in fashion: from 1900 on, when women’s lives and manner of dress changed dramatically. From home dressmaking to couture, from wartime rationing to ‘The New Look’, from the birth of the teenager to mass manufacture, this selection of over 400 photographs and illustrations tells the fascinating story of a fashion revolution. 100 Years of Fashion will appeal to everyone with an interest in fashion. |
| 650 #0 - PUNTO DE ACCESO ADICIONAL DE MATERIA--TÉRMINO DE MATERIA |
| Término de materia o nombre geográfico como elemento de entrada |
Fashion design |
| Subdivisión general |
History |
| Subdivisión cronológica |
20th century |
| 9 (RLIN) |
22506 |
| 650 #0 - PUNTO DE ACCESO ADICIONAL DE MATERIA--TÉRMINO DE MATERIA |
| Término de materia o nombre geográfico como elemento de entrada |
Fashion drawing |
| Subdivisión general |
History |
| Subdivisión cronológica |
20th century |
| 9 (RLIN) |
26062 |
| 650 #0 - PUNTO DE ACCESO ADICIONAL DE MATERIA--TÉRMINO DE MATERIA |
| Término de materia o nombre geográfico como elemento de entrada |
Fashion |
| Subdivisión general |
History |
| 9 (RLIN) |
9682 |
| 942 ## - ELEMENTOS DE ENTRADA AGREGADA (KOHA) |
| Fuente del sistema de clasificación o colocación |
Clasificación de Library of Congress |